00772nam a2200217Ia 4500003000900000008004100009020001800050040001600068080001700084100002200101245016200123260003200285300001200317650002500329650001800354700002200372700002100394942000700415999001700422952011500439IN-BaIIA211028s9999 xx 000 0 eng d a0-13-261058-2 cIIA Library a519.682bCAV aCavallo, A923135 0aUsing MATLAB, SIMULINK and Control System Toolboxba practical approachcA. Cavallo, R. Setola and F. Vasca  aLondonbPrentice-Hallc1996 ax, 405p acomputer programming aMATLAB920890 aSetola, R.923136 aVasca, F.923137 cBK c13132d13132 00102udc4070aBANbBANcGENd0000-00-00l2m1o519.682/CAVp14049r2024-10-19s2023-07-27w0000-00-00yBKG